Statystyki dla Wygrana w Tańcu z Gwiazdami

Kliknij tutaj aby rozwiązać quiz!

Ogólne statystyki

  • Ten quiz został rozwiązany 4 razy
  • Średni wynik to 12 z 26

Statystyki odpowiedzi

EdycjaOdpowiedź% Poprawnych
10 TVNAnna Mucha
100%
8 TVNAgata Kulesza
67%
14 POLSATAneta Zając
67%
6 TVNAnna Guzik
67%
24 POLSATEdyta Zając
67%
22 POLSATJoanna Mazur
67%
2 TVNKatarzyna Cichopek
67%
7 TVNMagdalena Walach
67%
1 TVNOlivier Janiak
67%
3 TVNRafał Mroczek
67%
19 POLSATRobert Wabich
67%
15 POLSATAgnieszka Sienkiewicz
33%
18 POLSATAnna Karczmarczyk
33%
23 POLSATDamian Kordas
33%
17 POLSATEwelina Lisowska
33%
26 POLSATIlona Krawczyńska
33%
13 TVNKacper Kuszewski
33%
4 TVNKinga Rusin
33%
5 TVNKrzysztof Tyniec
33%
16 POLSATKrzysztof Wieszczek
33%
12 TVNMonika Pyrek
33%
20 POLSATNatalia Szroeder
33%
25 POLSATPiotr Mróz
33%
21 POLSATBeata Tadla
0%
9 TVNDorota Gardias
0%
11 TVNJulia Kamińska
0%

Rozkład punktacji

Percentyl według liczby udzielonych odpowiedzi

Procent ludzi z każdym wynikiem

Twoja historia wyników

Nie rozwiązałeś tego quizu